000 01277cam a2200349 i 4500
001 51202
003 Mx-PuUPA
005 20260226101639.0
008 140415s2024 mx gr 000 f spa d
020 _a9786073914451
040 _cMx-PuUPA
_aMx-PuUPA
_bspa
_dMx-PuUPA
_erda
041 0 _aspa
043 _ae-sp---
100 1 _aMuñoz Molina, Antonio,
_d1956-
_917841
_eautor
245 1 3 _aEl dueño del secreto /
_cAntonio Muñoz Molina
250 _aPrimera edición /
_bjunio
264 1 _aCiudad de México :
_bEditorial Planeta Mexicana,
_c©2024
300 _a148 páginas ;
_c19 cm
336 _2rdacontent
_atexto
_btxt
337 _2rdamedia
_asin medio
_bn
338 _2rdacarrier
_avolumen
_bnc
490 0 _aBiblioteca Antono Muñoz Molina, Novela
650 7 _2armarc
_aEstudiantes universitarios
_zEspaña, Madrid
_ySiglo XX
_vNovela
650 7 _2armarc
_aConspiraciones
_zEspaña
_ySiglo XX
_vNovela
650 7 _2armarc
_aJóvenes
_zEspaña
_zMadrid
_ySiglo XX
650 7 _2armarc
_aNovela española
_ySiglos XX - XXI
651 4 _aEspaña
_xHistoria
_y1939-1975
_vNovela
942 _2ddc
_cLI
_h863
_iM54
999 _c51202
_d51202